000 00319nam a2200145Ia 4500
100 _aStallings/William
942 _cBK
366 _f15
654 _awireless
245 _aWireless communications and networking
260 _bPrentice Hall
_c2004
082 _a621.382
_bSTA
300 _a584
546 _aENGLISH
999 _c33315
_d33315